000 00896nam a22002657a 4500
003 PE SENCICO BE
005 20260316151854.0
008 260316b |||||||| |||| 00| 0 eng d
040 _aPE SENCICO BE
_cPE SENCICO BE
041 _aspa
082 _a728
_bM83
100 1 _aMoya, Sandra
_9594
_eautor
245 1 _aModernos apartamentos /
_cSandra Moya
250 _a[1a ed.]
260 _a[España] :
_bLexus editores ;
_c2007
300 _a203 páginas :
_bilustraciones ;
_c32 cm.
505 0 _aSummer container -- Casa pixel -- Casa Caraboya -- Casa barco -- Dúplex Kang
520 3 _aMuestra fotografías de diferentes proyectos con soluciones arquitectónicas
650 1 0 _aViviendas
_9455
650 1 0 _aDiseño arquitectónico
_9316
650 2 0 _aArquitectura de viviendas
_9409
650 2 0 _aProyectos de edificaciones
_9436
910 _ahfp
942 _2ddc
_cLIB
999 _c9864
_d9864